El feminismo como antídoto ante la extrema derecha (Record no. 59261)

MARC details
000 -LEADER
campo de control de longitud fija 01227nam a2200289Ia 4500
008 - DATOS DE LONGITUD FIJA--INFORMACIÓN GENERAL
campo de control de longitud fija 240327s2024 sp 000 0 spa d
041 ## - CÓDIGO DE IDIOMA
Código de lengua del texto/banda sonora o título independiente spa
100 1# - ENTRADA PRINCIPAL--NOMBRE DE PERSONA
9 (RLIN) 35366
Nombre de persona VILLADIEGO, Laura
245 13 - MENCIÓN DEL TÍTULO
Título El feminismo como antídoto ante la extrema derecha
Resto del título : la mujer ha tenido un papel central en el discurso de la extrema derecha : [entrevista con] María Eugenia Rodríguez Palop
Mención de responsabilidad, etc. / Laura Villadiego
260 ## - PUBLICACIÓN, DISTRIBUCIÓN, ETC.
Lugar de publicación, distribución, etc. [Madrid] :
Nombre del editor, distribuidor, etc. Fundación 1º de Mayo : ISTAS, Instituto Sindical de Trabajo, Ambiente y Salud,
Fecha de publicación, distribución, etc. 2024
300 ## - DESCRIPCIÓN FÍSICA
Extensión [2] p. ;
Dimensiones 30 cm
500 ## - NOTA GENERAL
Nota general En: PorExperiencia : Revista de Salud Laboral de ISTAS-CCOO, Anuario (2023), págs. 44-45
650 #0 - PUNTO DE ACCESO ADICIONAL DE MATERIA--TÉRMINO DE MATERIA
Término de materia o nombre geográfico como elemento de entrada IDEOLOGIA POLITICA
9 (RLIN) 1711
650 #0 - PUNTO DE ACCESO ADICIONAL DE MATERIA--TÉRMINO DE MATERIA
Término de materia o nombre geográfico como elemento de entrada MOVIMIENTO FEMINISTA
9 (RLIN) 4309
650 #0 - PUNTO DE ACCESO ADICIONAL DE MATERIA--TÉRMINO DE MATERIA
Término de materia o nombre geográfico como elemento de entrada IGUALDAD DE DERECHOS
9 (RLIN) 1832
650 #0 - PUNTO DE ACCESO ADICIONAL DE MATERIA--TÉRMINO DE MATERIA
Término de materia o nombre geográfico como elemento de entrada IGUALDAD DE GENERO
9 (RLIN) 5513
650 #0 - PUNTO DE ACCESO ADICIONAL DE MATERIA--TÉRMINO DE MATERIA
Término de materia o nombre geográfico como elemento de entrada DEMOCRACIA
9 (RLIN) 387
650 #0 - PUNTO DE ACCESO ADICIONAL DE MATERIA--TÉRMINO DE MATERIA
Término de materia o nombre geográfico como elemento de entrada VIOLENCIA
9 (RLIN) 2442
650 #0 - PUNTO DE ACCESO ADICIONAL DE MATERIA--TÉRMINO DE MATERIA
Término de materia o nombre geográfico como elemento de entrada DERECHOS HUMANOS
9 (RLIN) 2569
650 #0 - PUNTO DE ACCESO ADICIONAL DE MATERIA--TÉRMINO DE MATERIA
Término de materia o nombre geográfico como elemento de entrada POLITICA
9 (RLIN) 547
700 1# - ENTRADA AGREGADA--NOMBRE PERSONAL
9 (RLIN) 16127
Nombre de persona RODRIGUEZ PALOP, María Eugenia
710 ## - ENTRADA AGREGADA--NOMBRE DE ENTIDAD CORPORATIVA
Nombre de entidad corporativa o nombre de jurisdicción como elemento de entrada ISTAS
Sede del congreso/Lugar de la reunión España
9 (RLIN) 16845
710 ## - ENTRADA AGREGADA--NOMBRE DE ENTIDAD CORPORATIVA
Nombre de entidad corporativa o nombre de jurisdicción como elemento de entrada FUNDACION 1º DE MAYO
Sede del congreso/Lugar de la reunión Madrid
9 (RLIN) 329
856 ## - LOCALIZACIÓN Y ACCESO ELECTRÓNICOS
Nota pública PDF
Identificador Uniforme de Recursos <a href="https://docpublicos.ccoo.es/cendoc/067744FeminismoAntidoto.pdf">https://docpublicos.ccoo.es/cendoc/067744FeminismoAntidoto.pdf</a>
907 ## - ELEMENTOS DE DATOS G LOCAL, LDG (RLIN)
a Política
942 ## - ELEMENTOS DE ENTRADA SECUNDARIOS (KOHA)
Tipo de ítem Koha Documento Electrónico
Fuente del sistema de clasificación o colocación Clasificación Decimal Dewey
Suprimir en OPAC No
Holdings
Estatus retirado Estado de pérdida Fuente del sistema de clasificación o colocación Estado de daño No para préstamo Biblioteca de origen Biblioteca actual Fecha de adquisición Número de inventario Total de préstamos Código de barras Visto por última vez Copia número Precio de reemplazo Tipo de ítem Koha
    Clasificación Decimal Dewey     CENDO CENDO 27/03/2024 067744   2024-0529 27/03/2024 PS141 27/03/2024 Documento Electrónico